Online Catalogue and eLibrary

Fifteen (Record no. 4354)

MARC details
000 -LEADER
fixed length control field 00385nam a2200157Ia 4500
005 - DATE AND TIME OF LATEST TRANSACTION
control field 20241107011301.0
008 - FIXED-LENGTH DATA ELEMENTS--GENERAL INFORMATION
fixed length control field 240331s9999 xx 000 0 und d
020 ## - INTERNATIONAL STANDARD BOOK NUMBER
ISBN 9555800456
082 ## - DDC Classification
Item Number - Author Mark HUS
Class No. 823
100 ## - MAIN ENTRY--PERSONAL NAME
Personal name Hussein, A
245 #0 - TITLE STATEMENT
Title Fifteen
Statement of responsibility, etc.
260 ## - PUBLICATION, DISTRIBUTION, ETC.
Place of publication, distribution, etc. Colombo
Name of publisher, distributor, etc. International Centre for Ethnic Studies
Date of publication, distribution, etc. 1999
300 ## - PHYSICAL DESCRIPTION
Extent (e.g. Volumes, Pages etc.) 152 p .,
650 ## - SUBJECT ADDED ENTRY--TOPICAL TERM
Topical term or geographic name entry element Short Stories
942 ## - Koha item type (Biblio)
Koha item type Books in Stacks (Lending)
Holdings
Lost status Damaged status Collection code Home library Current library Shelving location Date acquired Full call number Accession Number Item type
    Lending WERC Library WERC Library Social Science Cupboard 03/31/2024 823 HUS 4118 Books in Stacks (Lending)

© WERC Library